Statistics for Most Populated Countries Containing 'G'

Click here to take the quiz!

General Stats

  • This quiz has been taken 310 times
    (303 since last reset)
  • The average score is 15 of 20

Answer Stats

Population Country % Correct
81 milGermany
97%
182 milNigeria
90%
19 milNiger
90%
43 milArgentina
89%
89 milEgypt
85%
10 milGreece
85%
27 milGhana
84%
16 milGuatemala
82%
158 milBangladesh
82%
77 milD.R. Congo
81%
10 milGuinea
81%
39 milAlgeria
78%
64 milUnited Kingdom
73%
24 milAngola
69%
26 milAfghanistan
67%
10 milPortugal
65%
34 milUganda
61%
22 milMadagascar
56%
11 milBelgium
55%
13 milSenegal
47%

Score Distribution

Percentile by Number Answered

Percent of People with Each Score

Your Score History

You have not taken this quiz since the last reset